000 01086cab a22001815a 4500
001 L139656
008 070802s2007 xxk f 000 0 eng d
035 _a(Sirsi) u139656
041 0 _aeng
110 2 _aNational Real Estate Investor
_93607
245 0 4 _aThe best of the best
_bNational Real Estate Investor presents its annual rankings of the leading commercial real estate companies
260 _c2007
490 0 _aNational Real Estate Investor Supplement
_v49(7) July 2007, 3-51(37)
520 _aCommentary reports that the high number of mergers and acquisitions over the past year is unprecedented. Competitive debt financing has buoyed property sales, with $241bn worth of assets changing hands. Covers brokerages; office owners and developers; industrial owners and developers; property managers; direct lenders; financial intermediaries; apartment owners and managers; shopping centre owners; and hotel owners. Contains address details for top performing companies in each area.
651 4 _aUnited States
_y1959-
690 _aPROPERTY-COMMERCIAL PROPERTY
942 _n0
999 _c79062
_d79062